[Event "Turniej GM"]
[Site "Ostroda"]
[Date "2011.08.09"]
[Round "7.3"]
[White "Jakubowski, Krzysztof"]
[Black "Leniart, Arkadiusz"]
[Result "0-1"]
[WhiteElo "2510"]
[BlackElo "2455"]
[PlyCount "103"]
[EventDate "2011.??.??"]

1. e4 e5 2. Nc3 Nf6 3. Bc4 Nxe4 4. Qh5 Nd6 5. Bb3 Be7 6. Qxe5 O-O 7. d4 Ne8 8.
Nge2 d6 9. Qg3 Nf6 10. h4 Kh8 11. h5 h6 12. Bf4 Nc6 13. f3 Na5 14. Qh2 Nxb3 15.
axb3 Be6 16. Bd2 Nd5 17. Nxd5 Bxd5 18. Nf4 Bc6 19. d5 Bd7 20. g4 Bf6 21. Nd3
Re8+ 22. Kd1 c6 23. Re1 Rxe1+ 24. Bxe1 Be8 25. Bc3 cxd5 26. Bxf6 Qxf6 27. Qf4
Qxf4 28. Nxf4 Bc6 29. Ne2 g6 30. Nd4 gxh5 31. gxh5 Kg7 32. Nf5+ Kf6 33. Nxh6 d4
34. Ke2 Rh8 35. Ng4+ Kg5 36. Rd1 f5 37. Nf2 Re8+ 38. Kf1 Bxf3 39. Rxd4 d5 40.
Nh3+ Kxh5 41. Nf4+ Kg5 42. Nxd5 Rd8 43. c4 Bxd5 44. cxd5 Kf6 45. Ra4 a6 46. Rb4
b5 47. Rh4 Ke5 48. Ke2 Kxd5 49. Kd3 Ke5+ 50. Ke2 Rg8 51. Rh6 Rg2+ 52. Kd3 0-1

[Event "Turniej GM"]
[Site "Ostroda"]
[Date "2011.08.09"]
[Round "7.5"]
[White "Bailet, Pierre"]
[Black "Sieciechowicz, Marcin"]
[Result "1/2-1/2"]
[WhiteElo "2432"]
[BlackElo "2454"]
[PlyCount "74"]
[EventDate "2011.??.??"]

1. d4 d5 2. c4 c6 3. Nf3 Nf6 4. e3 Bf5 5. Nc3 e6 6. Nh4 Bg6 7. Nxg6 hxg6 8. g3
Nbd7 9. Qe2 Bb4 10. Bd2 Bxc3 11. Bxc3 Ne4 12. Qc2 Nxc3 13. Qxc3 Nb6 14. c5 Nd7
15. Bd3 f5 16. b4 Qe7 17. f4 g5 18. b5 gxf4 19. exf4 Kf7 20. bxc6 bxc6 21. O-O
Qf6 22. Rab1 Qh6 23. Rf2 Rhb8 24. Rfb2 Rxb2 25. Rxb2 Qh8 26. Rb7 Qd8 27. Qb2 a5
28. a4 g6 29. h4 Ke7 30. h5 gxh5 31. Bxf5 exf5 32. Qe2+ Kf6 33. Qxh5 Qe7 34.
Qh6+ Kf7 35. Qh7+ Ke6 36. Qh6+ Kf7 37. Qh7+ Ke6 1/2-1/2

[Event "Turniej GM"]
[Site "Ostroda"]
[Date "2011.08.10"]
[Round "8.1"]
[White "Georgescu, Tiberiu-Marian"]
[Black "Sieciechowicz, Marcin"]
[Result "1/2-1/2"]
[WhiteElo "2397"]
[BlackElo "2454"]
[PlyCount "42"]
[EventDate "2011.??.??"]

1. d4 d5 2. c4 c6 3. Nf3 Nf6 4. e3 Bf5 5. Nc3 e6 6. Nh4 Bg6 7. Be2 Nbd7 8. O-O
Be7 9. g3 O-O 10. Nxg6 hxg6 11. Qb3 Qc7 12. Bd2 Rac8 13. Rfd1 Rfd8 14. Rac1 Qb8
15. Be1 Ne8 16. f3 Nd6 17. cxd5 exd5 18. Bf2 Re8 19. Re1 Bd8 20. Bd3 Ba5 21.
Re2 b5 1/2-1/2

[Event "Turniej GM"]
[Site "Ostroda"]
[Date "2011.08.10"]
[Round "8.2"]
[White "Duda, Jan-Krzysztof"]
[Black "Bailet, Pierre"]
[Result "1/2-1/2"]
[WhiteElo "2274"]
[BlackElo "2432"]
[PlyCount "175"]
[EventDate "2011.??.??"]

1. e4 c5 2. Nf3 Nc6 3. d4 cxd4 4. Nxd4 Nf6 5. Nc3 e5 6. Ndb5 d6 7. Bg5 a6 8.
Na3 b5 9. Nd5 Be7 10. Bxf6 Bxf6 11. c3 O-O 12. Nc2 Rb8 13. b4 Ne7 14. Nce3 Bg5
15. Nxe7+ Qxe7 16. Nd5 Qb7 17. h4 Bd8 18. Be2 Be6 19. Bf3 Rc8 20. Rc1 Qa7 21.
g3 f5 22. O-O Kh8 23. exf5 Bxf5 24. Bg4 Bb6 25. Bxf5 Rxf5 26. Qg4 Bxf2+ 27. Kg2
Rcf8 28. c4 Qf7 29. Rc3 h5 30. Qe4 Bd4 31. Rxf5 Qxf5 32. Qxf5 Rxf5 33. Rc2 bxc4
34. a4 e4 35. Ne7 Rf7 36. Rxc4 Rf2+ 37. Kg1 Rd2+ 38. Kf1 Rd3 39. Ke2 Bf6 40.
Ng6+ Kh7 41. Nf4 Rxg3 42. Nxh5 Rg2+ 43. Kf1 Rg4 44. Nxf6+ gxf6 45. b5 axb5 46.
axb5 Rxh4 47. Rb4 Kg6 48. b6 Rh8 49. Rxe4 Rh1+ 50. Kf2 Rb1 51. Ke3 Rxb6 52. Kf4
Rb5 53. Re6 Rf5+ 54. Kg4 Rd5 55. Kf4 Rd4+ 56. Ke3 Rd1 57. Kf4 d5 58. Rd6 Rd4+
59. Ke3 Re4+ 60. Kf3 Re5 61. Kf4 Rh5 62. Rd7 Rh4+ 63. Kf3 d4 64. Rd5 f5 65. Rd8
Kf6 66. Re8 Rh1 67. Kg2 Ra1 68. Kf3 Ra4 69. Kg3 Ra2 70. Kf3 Ra1 71. Kf4 Rf1+
72. Kg3 d3 73. Rd8 f4+ 74. Kg4 Ke5 75. Rxd3 Ke4 76. Ra3 Rg1+ 77. Kh3 Re1 78.
Kg2 Re2+ 79. Kf1 Re3 80. Ra2 Kf3 81. Rf2+ Kg3 82. Rg2+ Kh3 83. Rg8 Rg3 84. Rh8+
Kg4 85. Kf2 Rf3+ 86. Ke2 Ra3 87. Rg8+ Kh3 88. Kf2 1/2-1/2

[Event "Turniej GM"]
[Site "Ostroda"]
[Date "2011.08.10"]
[Round "8.4"]
[White "Semcesen, Daniel"]
[Black "Jakubowski, Krzysztof"]
[Result "1-0"]
[WhiteElo "2480"]
[BlackElo "2510"]
[PlyCount "47"]
[EventDate "2011.??.??"]

1. d4 Nf6 2. c4 e6 3. Nc3 d5 4. cxd5 exd5 5. Bg5 c6 6. Qc2 Be7 7. e3 O-O 8. Bd3
Nbd7 9. Nge2 Re8 10. O-O Nf8 11. f3 Nh5 12. Bxe7 Qxe7 13. e4 dxe4 14. fxe4 Bg4
15. e5 Qg5 16. Rf2 f6 17. Ne4 Qe3 18. Nd6 Re7 19. Bc4+ Kh8 20. Nf7+ Rxf7 21.
Bxf7 fxe5 22. h3 Nf6 23. hxg4 Nxg4 24. Qf5 1-0

[Event "Turniej GM"]
[Site "Ostroda"]
[Date "2011.08.10"]
[Round "8.5"]
[White "Malisauskas, Vidmantas"]
[Black "Terrieux, Kevin"]
[Result "1-0"]
[WhiteElo "2477"]
[BlackElo "2429"]
[PlyCount "53"]
[EventDate "2011.??.??"]

1. c4 e5 2. Nc3 Nf6 3. g3 d5 4. cxd5 Nxd5 5. Bg2 Nb6 6. Nf3 Nc6 7. O-O Be7 8.
a3 O-O 9. b4 Be6 10. Rb1 f6 11. d3 a5 12. b5 Nd4 13. Nd2 a4 14. Bxb7 Ra5 15. e3
Nb3 16. Nxb3 axb3 17. Rxb3 Bxb3 18. Qxb3+ Kh8 19. Rd1 Qb8 20. Bc6 Qa7 21. a4
Rd8 22. d4 exd4 23. Rxd4 Rxd4 24. exd4 Qb8 25. Bf4 Qd8 26. Qf7 g5 27. Be4 1-0

[Event "Turniej GM"]
[Site "Ostroda"]
[Date "2011.08.11"]
[Round "9.1"]
[White "Terrieux, Kevin"]
[Black "Georgescu, Tiberiu-Marian"]
[Result "1/2-1/2"]
[WhiteElo "2429"]
[BlackElo "2397"]
[PlyCount "20"]
[EventDate "2011.??.??"]

1. d4 Nf6 2. c4 c5 3. d5 b5 4. cxb5 a6 5. b6 d6 6. Nc3 Nbd7 7. e4 g6 8. Nf3 Bg7
9. a4 Qxb6 10. Be2 O-O 1/2-1/2

[Event "Turniej GM"]
[Site "Ostroda"]
[Date "2011.08.11"]
[Round "9.3"]
[White "Mista, Aleksander"]
[Black "Semcesen, Daniel"]
[Result "1-0"]
[WhiteElo "2564"]
[BlackElo "2480"]
[PlyCount "63"]
[EventDate "2011.??.??"]

1. c4 f5 2. Nc3 Nf6 3. g3 g6 4. Bg2 Bg7 5. Nf3 O-O 6. O-O d6 7. d3 Nc6 8. Rb1
a5 9. a3 Nh5 10. Bd2 f4 11. b4 axb4 12. axb4 Bg4 13. Nd5 fxg3 14. hxg3 Qd7 15.
b5 Nd4 16. Nxd4 Bxd4 17. Be3 Be5 18. d4 Bg7 19. c5 e6 20. c6 bxc6 21. bxc6 Qf7
22. Nc3 Ra3 23. Rb3 Ra5 24. Rb7 Qe7 25. Qb3 Raf5 26. Ra1 Qf7 27. Ne4 Rd5 28.
Raa7 Qf5 29. Rxc7 Rb5 30. Qd3 Bh8 31. Rcb7 Rd5 32. c7 1-0

[Event "Turniej GM"]
[Site "Ostroda"]
[Date "2011.08.11"]
[Round "9.4"]
[White "Bailet, Pierre"]
[Black "Leniart, Arkadiusz"]
[Result "1/2-1/2"]
[WhiteElo "2432"]
[BlackElo "2455"]
[PlyCount "22"]
[EventDate "2011.??.??"]

1. d4 Nf6 2. Nf3 e6 3. c4 d5 4. Nc3 Be7 5. Bg5 h6 6. Bxf6 Bxf6 7. e3 O-O 8. Rc1
c6 9. Bd3 Nd7 10. O-O dxc4 11. Bxc4 e5 1/2-1/2